Quantitative techniques in management / (Record no. 57011)
[ view plain ]
| 000 -LEADER | |
|---|---|
| fixed length control field | 00644nam a22002177a 4500 |
| 005 - DATE AND TIME OF LATEST TRANSACTION | |
| control field | 2011092607077.0 |
| 010 ## - LCCN (DPL NO) | |
| LC control number | G-001529 |
| 020 ## - INTERNATIONAL STANDARD BOOK NUMBER | |
| Terms of availability | 85.00 |
| International Standard Book Number | 9788122204599 |
| 035 1d - SYSTEM CONTROL NUMBER | |
| System control number | G-001529 |
| 037 ## - SOURCE OF ACQUISITION | |
| Source of stock number/acquisition | Gift |
| 082 ## - DEWEY DECIMAL CLASSIFICATION NUMBER | |
| Classification number | 793.74 |
| 100 ## - MAIN ENTRY--PERSONAL NAME | |
| Personal name | Vohra, N.D. |
| 245 ## - TITLE STATEMENT | |
| Title | Quantitative techniques in management / |
| Statement of responsibility, etc | by N. D. Vohra |
| 250 ## - EDITION STATEMENT | |
| Edition statement | 4th ed. |
| 260 ## - PUBLICATION, DISTRIBUTION, ETC. (IMPRINT) | |
| Place of publication, distribution, etc | New Delhi |
| Name of publisher, distributor, etc | Tata McGraw Hill |
| Date of publication, distribution, etc | 2011(repr.). |
| 270 ## - ADDRESS | |
| Address | 7 West Patel Nagar, |
| City | New Delhi |
| Postal code | 110008 |
| 300 ## - PHYSICAL DESCRIPTION | |
| Extent | xvi, 1063p. |
| Dimensions | 28cm(pbk) |
| 500 ## - GENERAL NOTE | |
| General note | Includes index |
| 942 ## - ADDED ENTRY ELEMENTS (KOHA) | |
| Source of classification or shelving scheme | Dewey Decimal Classification |
| Item type | English Books |
| Classification part | 658.4033 |
| Call number suffix | VOH |
No items available.
